[Event "ICS rated blitz match"]
[Site "204.178.125.65"]
[Date "2000.07.18"]
[Round "?"]
[White "LeonidP"]
[Black "Hossa"]
[Result "0-1"]
[WhiteElo "2038"]
[BlackElo "2495"]
[PlyCount "60"]
[EventDate "2000.??.??"]

1. e4 e5 2. Nf3 Nc6 3. Bb5 a6 4. Ba4 Nf6 5. d3 d6 6. c3 Bd7 7. O-O g6 8. Re1
Bg7 9. Nbd2 O-O 10. Nf1 Nh5 11. h3 Nf4 12. Bxf4 exf4 13. Qd2 Ne5 14. Nxe5 dxe5
15. Bb3 f3 16. Qe3 fxg2 17. Kxg2 a5 18. a4 Ra6 19. Nd2 Rb6 20. Kh2 Qh4 21. Qg3
Qxg3+ 22. fxg3 Bh6 23. Nc4 Rxb3 24. Re2 Be6 25. Nxa5 Rb6 26. d4 exd4 27. cxd4
Ra8 28. d5 Bxd5 29. exd5 Rxa5 30. Re8+ Kg7 {LeonidP resigns} 0-1

[Event "ICS rated blitz match"]
[Site "204.178.125.65"]
[Date "2000.07.18"]
[Round "?"]
[White "trinity"]
[Black "Hossa"]
[Result "0-1"]
[WhiteElo "2173"]
[BlackElo "2510"]
[PlyCount "24"]
[EventDate "2000.??.??"]

1. e3 g6 2. a3 Bg7 3. c4 Nf6 4. d3 O-O 5. Nc3 c6 6. Nf3 d5 7. cxd5 cxd5 8. Be2
Nc6 9. O-O Bf5 10. b4 Ne4 11. dxe4 Bxc3 12. Ra2 Bxe4 {trinity resigns} 0-1

[Event "ICS rated blitz match"]
[Site "204.178.125.65"]
[Date "2000.07.18"]
[Round "?"]
[White "Hossa"]
[Black "IgorIvanov"]
[Result "1-0"]
[WhiteElo "2514"]
[BlackElo "2255"]
[PlyCount "79"]
[EventDate "2000.??.??"]

1. e4 c5 2. Nf3 e6 3. d4 cxd4 4. Nxd4 a6 5. Bd3 b5 6. O-O Bb7 7. a4 b4 8. Be3
Nf6 9. Nd2 Qc7 10. f4 h5 11. h3 Nc6 12. Nxc6 Qxc6 13. Rf2 Bc5 14. Bxc5 Qxc5 15.
e5 Ng8 16. Nc4 Bd5 17. Nd6+ Ke7 18. Qe2 f6 19. Bxa6 Nh6 20. Bb7 Bxb7 21. Nxb7
Qc6 22. Nd6 Nf7 23. Nxf7 Kxf7 24. a5 Ke7 25. a6 Qc5 26. g3 Rhf8 27. Qxh5 Qd4
28. Rd1 Qxb2 29. Qg6 Rg8 30. Rfd2 Ra7 31. Qh7 Kf8 32. Rxd7 Rxd7 33. Rxd7 Qc3
34. Rd8+ Ke7 35. Rxg8 Qxg3+ 36. Kf1 Qf3+ 37. Ke1 Qe3+ 38. Kd1 Qf3+ 39. Kc1 Qe3+
40. Kb1 {IgorIvanov resigns} 1-0

[Event "ICS rated blitz match"]
[Site "204.178.125.65"]
[Date "2000.07.18"]
[Round "?"]
[White "IgorIvanov"]
[Black "Hossa"]
[Result "1/2-1/2"]
[WhiteElo "2249"]
[BlackElo "2520"]
[PlyCount "154"]
[EventDate "2000.??.??"]

1. e4 e5 2. Nf3 Nc6 3. Bb5 a6 4. Bxc6 dxc6 5. O-O f6 6. d4 exd4 7. Nxd4 c5 8.
Nb3 Qxd1 9. Rxd1 Bg4 10. f3 Be6 11. Be3 b6 12. Nc3 Bd6 13. a4 Be5 14. a5 Bxc3
15. bxc3 Kf7 16. axb6 cxb6 17. Rd6 c4 18. Nd4 Bc8 19. Rxb6 Ne7 20. Nb5 Rf8 21.
Nc7 Ra7 22. Rxf6+ gxf6 23. Bxa7 Nc6 24. Be3 a5 25. Kf2 Rd8 26. Nb5 Bb7 27. Nd4
Ra8 28. Nf5 Rd8 29. Nd4 Ra8 30. Rb1 Nd8 31. Nb5 Ke7 32. Na3 Ba6 33. Rb6 Ne6 34.
f4 h5 35. f5 Nc7 36. Bd4 Ne8 37. Ke3 Kf7 38. Kf4 Ke7 39. g3 a4 40. h3 Bc8 41.
g4 hxg4 42. hxg4 Ba6 43. e5 Nc7 44. exf6+ Kd7 45. Kg3 Nd5 46. Re6 Nc7 47. Re7+
Kc6 48. f7 Kd6 49. f6 Ne6 50. Be3 Rc8 51. g5 Nf8 52. Bf4+ Kc5 53. Re8 Bb7 54.
Be3+ Kd5 55. Kg4 Kd6 56. Kh5 Kd7 57. Rxc8 Kxc8 58. g6 Bd5 59. Kh6 Nd7 60. Bd4
Kd8 61. Kg7 Be4 62. Nxc4 Kc7 63. Na3 Kd6 64. c4 Ke6 65. f8=Q Nxf8 66. Kxf8 Bxg6
67. c5 Bh5 68. c3 Kd7 69. f7 Ke6 70. c6 Kd6 71. Kg7 Bxf7 72. Kxf7 Kxc6 73. Ke6
Kc7 74. Kd5 Kb7 75. Kc4 Kc6 76. Kb4 Kb7 77. Kxa4 Kc6 1/2-1/2

[Event "ICS rated standard match"]
[Site "204.178.125.65"]
[Date "2000.07.18"]
[Round "?"]
[White "Hossa"]
[Black "MissSilicon"]
[Result "0-1"]
[WhiteElo "2358"]
[BlackElo "2467"]
[PlyCount "104"]
[EventDate "2000.??.??"]

1. e4 c5 2. Nf3 e6 3. d4 cxd4 4. Nxd4 Nc6 5. Nb5 d6 6. Bf4 e5 7. Be3 a6 8. N5c3
Nf6 9. Nd5 Nxd5 10. exd5 Ne7 11. Nc3 Nf5 12. Bd2 Be7 13. Bd3 O-O 14. O-O Bd7
15. Qh5 g6 16. Qe2 Qb6 17. Rab1 f6 18. Bxf5 Bxf5 19. Be3 Qa5 20. Bh6 Rfc8 21.
Qd2 Qb4 22. Be3 Bd8 23. f4 Ba5 24. Rf2 Qc4 25. fxe5 fxe5 26. Bh6 Qd4 27. Qxd4
exd4 28. b4 Bb6 29. Na4 Ba7 30. b5 axb5 31. Rxb5 d3 32. Nb6 dxc2 33. Bc1 Re8
34. Rxf5 Re1+ 35. Rf1 Rd1 36. Bh6 Rf8 37. Bxf8 c1=Q 38. Rxd1 Qxd1+ 39. Kf2 Qd2+
40. Kf1 Qd3+ 41. Ke1 Qxb5 42. Nd7 Qa5+ 43. Kd1 Qxd5+ 44. Kc2 Qxg2+ 45. Kb1 Bd4
46. Kc1 Be3+ 47. Kb1 Qd2 48. Nf6+ Kxf8 49. Nxh7+ Kg7 50. a3 Qc1+ 51. Ka2 Qc2+
52. Ka1 Bd4# {Hossa checkmated} 0-1

[Event "ICS rated blitz match"]
[Site "204.178.125.65"]
[Date "2000.07.18"]
[Round "?"]
[White "Hossa"]
[Black "grobdigger"]
[Result "1-0"]
[WhiteElo "2510"]
[BlackElo "2162"]
[PlyCount "77"]
[EventDate "2000.??.??"]

1. e4 e6 2. d4 d5 3. Nd2 Nc6 4. Ngf3 Nf6 5. exd5 exd5 6. Bb5 Bd7 7. O-O Be7 8.
Nb3 O-O 9. Bxc6 Bxc6 10. Na5 Bb5 11. Nxb7 Qc8 12. Re1 Bb4 13. c3 Qxb7 14. cxb4
Ne4 15. a4 Be8 16. b5 f6 17. Nd2 Nd6 18. Nb3 Qc8 19. Bf4 Nc4 20. Nd2 Bg6 21.
Nxc4 dxc4 22. Rc1 Bf7 23. Re7 c6 24. Rc7 Qf5 25. Bd6 cxb5 26. Bxf8 Kxf8 27. Qe1
Re8 28. Qb4+ Kg8 29. axb5 Qf4 30. R7xc4 Bxc4 31. Qxc4+ Kh8 32. g3 Qf3 33. Qf7
Rd8 34. Qxa7 h5 35. Qb6 Re8 36. Qc6 Re4 37. h3 h4 38. gxh4 f5 39. Qg6 {
grobdigger resigns} 1-0

[Event "ICS rated standard match"]
[Site "204.178.125.65"]
[Date "2000.07.18"]
[Round "?"]
[White "SeeBach"]
[Black "Hossa"]
[Result "1-0"]
[WhiteElo "2204"]
[BlackElo "2347"]
[PlyCount "119"]
[EventDate "2000.??.??"]

1. e4 e5 2. Nf3 Nc6 3. Bb5 a6 4. Bxc6 dxc6 5. O-O f6 6. d4 exd4 7. Nxd4 c5 8.
Nb3 Qxd1 9. Rxd1 Bg4 10. f3 Be6 11. Bf4 c4 12. Nd4 O-O-O 13. Nc3 Bf7 14. Nf5
Rxd1+ 15. Rxd1 Ne7 16. Ne3 b5 17. Ncd5 g5 18. Bg3 Nxd5 19. Nxd5 Bxd5 20. Rxd5
Be7 21. Kf1 Rd8 22. Rxd8+ Kxd8 23. h4 Bd6 24. Kf2 h6 25. hxg5 hxg5 26. Bxd6
cxd6 27. Ke3 Kd7 28. Kd4 g4 29. Kd5 Ke7 30. f4 Kd7 31. f5 g3 32. c3 a5 33. a4
bxa4 34. Kxc4 Kc6 35. Kd4 Kc7 36. Kd5 Kd7 37. c4 a3 38. bxa3 a4 39. c5 dxc5 40.
Kxc5 Kc7 41. Kd5 Kd7 42. e5 Ke7 43. e6 Ke8 44. Kc4 Kd8 45. Kb4 Kc7 46. Kxa4 Kc6
47. Kb3 Kd5 48. e7 Kc6 49. e8=Q+ Kd5 50. Qe6+ Kd4 51. Qxf6+ Kd5 52. Qe6+ Kd4
53. f6 Kd3 54. Qd5+ Ke2 55. Qf3+ Ke1 56. Qxg3+ Ke2 57. f7 Kd2 58. f8=Q Kd1 59.
Qd3+ Kc1 60. Qff1# {Hossa checkmated} 1-0

[Event "ICS rated blitz match"]
[Site "204.178.125.65"]
[Date "2000.07.18"]
[Round "?"]
[White "asiota"]
[Black "Hossa"]
[Result "1/2-1/2"]
[WhiteElo "2247"]
[BlackElo "2514"]
[PlyCount "150"]
[EventDate "2000.??.??"]

1. d4 Nf6 2. Nf3 e6 3. g3 b6 4. Bg2 Bb7 5. O-O c5 6. c4 cxd4 7. Qxd4 Bc5 8. Qh4
O-O 9. Nc3 Be7 10. Qf4 d6 11. b3 Nh5 12. Qd2 f5 13. Bb2 Na6 14. Rad1 Nf6 15.
Nd4 Bxg2 16. Kxg2 Qd7 17. f3 Rac8 18. Qe3 Nc7 19. Rd2 d5 20. Rfd1 Bd6 21. cxd5
Nfxd5 22. Nxd5 exd5 23. Qd3 f4 24. g4 Bc5 25. Nf5 Rf7 26. Be5 Bb4 27. Rc2 Ba3
28. Bxc7 Rxc7 29. Rxc7 Qxc7 30. Qxd5 Bf8 31. h4 g6 32. Nd4 Be7 33. Ne6 Qc2 34.
Rd2 Qc8 35. Rd4 Bxh4 36. Rxf4 Rxf4 37. Nxf4+ Kf8 38. g5 Be1 39. Qe5 Kg8 40.
Qe6+ Qxe6 41. Nxe6 Kf7 42. Nd4 Bd2 43. Nb5 Bxg5 44. Nxa7 Be3 45. Nb5 Kf6 46.
Nc3 Ke5 47. Nd1 Bc5 48. e3 h5 49. Kf2 h4 50. Ke2 Kd6 51. f4 Bb4 52. Nf2 Kc6 53.
Kd3 Be7 54. Nh3 Kc5 55. a3 Kb5 56. a4+ Kb4 57. Kc2 Kc5 58. Kd3 Kb4 59. Kc2 Kc5
60. Nf2 Bf8 61. Nh3 Be7 62. Kd3 Kb4 63. Kc2 Kc5 64. Kd3 Kb4 65. Kc2 Kc5 66. Kd3
Kb4 67. Kc2 Kc5 68. Kd3 Kb4 69. Kc2 Kc5 70. Kd3 Kb4 71. Kc2 Kc5 72. Kd3 Kb4 73.
Kc2 Kc5 74. Kd3 Kb4 75. Kc2 Kc5 1/2-1/2

[Event "ICS rated blitz match"]
[Site "204.178.125.65"]
[Date "2000.07.18"]
[Round "?"]
[White "Hossa"]
[Black "alt1"]
[Result "1-0"]
[WhiteElo "2504"]
[BlackElo "1977"]
[PlyCount "39"]
[EventDate "2000.??.??"]

1. e4 c5 2. Nf3 Nc6 3. d4 cxd4 4. Nxd4 e5 5. Nb5 a6 6. Nd6+ Bxd6 7. Qxd6 Qf6 8.
Qd1 Qg6 9. Nc3 d5 10. Nxd5 Qxe4+ 11. Be3 Nd4 12. Nc7+ Ke7 13. Nxa8 Nxc2+ 14.
Kd2 Nxe3 15. fxe3 Nf6 16. Qb3 Be6 17. Qa3+ Ke8 18. Qd6 Nd5 19. Re1 Nb4 20. Nc7#
{alt1 checkmated} 1-0

[Event "ICS rated blitz match"]
[Site "204.178.125.65"]
[Date "2000.07.18"]
[Round "?"]
[White "QueenMaxima"]
[Black "Hossa"]
[Result "1-0"]
[WhiteElo "2482"]
[BlackElo "2505"]
[PlyCount "139"]
[EventDate "2000.??.??"]

1. d4 Nf6 2. Bf4 g6 3. Nf3 d6 4. e3 Bg7 5. h3 O-O 6. Nbd2 Nd5 7. Bg5 h6 8. Bh4
c5 9. Bc4 Nb6 10. Bb5 cxd4 11. Nxd4 a6 12. Bd3 Na4 13. Qb1 Nc6 14. c3 Nc5 15.
Bc2 Bd7 16. O-O Qc7 17. b4 Na4 18. Qb3 Kh8 19. Be4 Nb6 20. a4 Qd8 21. a5 Nc8
22. Bd5 Be8 23. Rad1 Qc7 24. Nxc6 bxc6 25. Be4 Na7 26. Bd3 Nb5 27. c4 Na7 28.
c5 Nb5 29. cxd6 Nxd6 30. Rfe1 Rb8 31. Bg3 Qb7 32. Nc4 Nxc4 33. Bxc4 e5 34. Qc3
Qxb4 35. Qxb4 Rxb4 36. Bxa6 Bf6 37. Be2 Ra4 38. a6 c5 39. Rd5 c4 40. Rc1 Rxa6
41. Bxc4 Re6 42. Ra5 Re7 43. Bd5 h5 44. Rc8 h4 45. Bh2 Kg7 46. Raa8 Rh8 47. Kh1
g5 48. e4 Kg6 49. Ra6 Rg8 50. Rb8 Kg7 51. Rbb6 g4 52. Rxf6 gxh3 53. gxh3 Kf8
54. Rf5 Rc7 55. Bxe5 Rc1+ 56. Kh2 Rgg1 57. Bd6+ Kg7 58. e5 Rce1 59. Ra8 Kg6 60.
Rf6+ Kh7 61. Rxe8 Rg7 62. Rf8 Re2 63. Rf4 Kg6 64. Rh8 f5 65. exf6 Rf7 66. Rg8+
Kh7 67. Rg2 Rxf6 68. Bg8+ Kh8 69. Rxh4+ Rh6 70. Rxh6# {Hossa checkmated} 1-0

[Event "ICS rated blitz match"]
[Site "204.178.125.65"]
[Date "2000.07.18"]
[Round "?"]
[White "Hossa"]
[Black "mailyn"]
[Result "1/2-1/2"]
[WhiteElo "2488"]
[BlackElo "2268"]
[PlyCount "137"]
[EventDate "2000.??.??"]

1. e4 c5 2. Nf3 d6 3. Bb5+ Bd7 4. Bc4 e6 5. O-O Nf6 6. e5 dxe5 7. Nxe5 Nc6 8.
Nxd7 Qxd7 9. Be2 Bd6 10. d3 O-O 11. c3 Nd5 12. Nd2 Nf4 13. Ne4 Nxe2+ 14. Qxe2
Be7 15. Rd1 Rad8 16. Bf4 b6 17. Ng5 e5 18. Bc1 h6 19. Nf3 Bf6 20. a3 Rfe8 21.
Qe4 Qd5 22. Nd2 g6 23. Qxd5 Rxd5 24. Ne4 Bg7 25. Bxh6 Red8 26. Bg5 R8d7 27. f4
Rxd3 28. Rxd3 Rxd3 29. fxe5 Bxe5 30. Re1 f5 31. Nf2 Rd7 32. g3 Kf7 33. Nh3 Bf6
34. Bf4 Re7 35. Rxe7+ Kxe7 36. Ng5 Ne5 37. Bxe5 Bxe5 38. Kf2 b5 39. Nh3 Ke6 40.
Ng5+ Kd5 41. Nf7 Bf6 42. Nh6 Kc4 43. Ng8 Bd8 44. Nh6 Kb3 45. Nf7 Bc7 46. Ke3
Kxb2 47. Kd3 Kxa3 48. Nh8 g5 49. Nf7 f4 50. Nxg5 fxg3 51. hxg3 Bxg3 52. Ne4 b4
53. Nxg3 b3 54. Ne4 b2 55. Nd2 a5 56. c4 Ka2 57. Kc2 a4 58. Nb1 a3 59. Nd2 Ka1
60. Nb3+ Ka2 61. Nd2 Ka1 62. Nb3+ Ka2 63. Nd2 Ka1 64. Nb3+ Ka2 65. Nd2 Ka1 66.
Nb3+ Ka2 67. Nd2 Ka1 68. Nb3+ Ka2 69. Nd2 1/2-1/2

[Event "ICS rated standard match"]
[Site "204.178.125.65"]
[Date "2000.07.18"]
[Round "?"]
[White "Hossa"]
[Black "JZInsomniac"]
[Result "0-1"]
[WhiteElo "2325"]
[BlackElo "2626"]
[PlyCount "84"]
[EventDate "2000.??.??"]

1. e4 c5 2. Nf3 e6 3. d4 cxd4 4. Nxd4 Nf6 5. Nc3 d6 6. Bg5 Nc6 7. Bb5 Bd7 8.
Be2 a6 9. Nb3 b5 10. a3 Bc8 11. Qd2 Be7 12. Rd1 Bb7 13. Bf4 Ne5 14. Bxe5 dxe5
15. Qg5 Qc7 16. Qxg7 Rg8 17. Qh6 Nxe4 18. Nxb5 axb5 19. Qxh7 Nf6 20. Bxb5+ Kf8
21. Qh6+ Rg7 22. Rd2 Ng8 23. Qh8 Bg5 24. Re2 Bxg2 25. Rg1 Bf3 26. Bd3 Bxe2 27.
Kxe2 f5 28. h4 Bf6 29. Rxg7 Bxg7 30. Qh5 e4 31. Bxe4 Nf6 32. Qg5 Nxe4 33. Qc1
Rb8 34. Nd2 Rxb2 35. a4 Qf4 36. Qe1 Rxc2 37. Kd3 Rxd2+ 38. Qxd2 Qxd2+ 39. Kc4
Qd5+ 40. Kb4 Qc5+ 41. Kb3 Qc3+ 42. Ka2 Qb2# {Hossa checkmated} 0-1

[Event "ICS rated blitz match"]
[Site "204.178.125.65"]
[Date "2000.07.18"]
[Round "?"]
[White "Hossa"]
[Black "RGEchess"]
[Result "1-0"]
[WhiteElo "2479"]
[BlackElo "1952"]
[PlyCount "89"]
[EventDate "2000.??.??"]

1. e4 c5 2. Nf3 Nc6 3. d4 cxd4 4. Nxd4 Nxd4 5. Qxd4 b6 6. Bc4 Bb7 7. O-O e6 8.
Rd1 Bc5 9. Qxg7 Qf6 10. Qxf6 Nxf6 11. b4 Bxb4 12. Bb2 Be7 13. e5 Ne4 14. Bb5
O-O-O 15. f3 Bc5+ 16. Kf1 Ng5 17. h4 Nxf3 18. gxf3 Bxf3 19. Be2 Bc6 20. Ba3 Be3
21. Ba6+ Bb7 22. Bxb7+ Kxb7 23. Be7 Rc8 24. Ke2 Bf4 25. Rxd7+ Ka6 26. Bf6 Rhg8
27. c3 Bc1 28. a4 Bb2 29. Ra2 Bxc3 30. Kf2 Rg4 31. Nxc3 Rxc3 32. a5 Rf4+ 33.
Ke1 Re4+ 34. Kd2 Rh3 35. axb6+ Kxb6 36. Raxa7 Rh2+ 37. Kd3 Rg4 38. Bd8+ Kc6 39.
Rd6+ Kc5 40. Rc7+ Kb5 41. Rb7+ Kc5 42. Bb6+ Kb5 43. Bd4+ Ka5 44. Ra7+ Kb5 45.
Rb6# {RGEchess checkmated} 1-0

[Event "ICS rated blitz match"]
[Site "204.178.125.65"]
[Date "2000.07.18"]
[Round "?"]
[White "RGEchess"]
[Black "Hossa"]
[Result "0-1"]
[WhiteElo "1951"]
[BlackElo "2480"]
[PlyCount "138"]
[EventDate "2000.??.??"]

1. d4 Nf6 2. Nf3 e6 3. Bf4 d5 4. e3 Bd6 5. Bxd6 cxd6 6. Bd3 Nc6 7. c3 e5 8. Bc2
Bg4 9. h3 Bxf3 10. Qxf3 Qb6 11. b3 Qa6 12. Qe2 Qxe2+ 13. Kxe2 Ne7 14. Nd2 Rc8
15. Nb1 Kd7 16. Bd3 a6 17. g4 h5 18. g5 Ne8 19. h4 e4 20. Bc2 f6 21. Kd2 fxg5
22. hxg5 Nc7 23. a4 Rcf8 24. Ke2 Ne6 25. Nd2 Nxg5 26. Rag1 Ne6 27. Bd1 h4 28.
Rh3 Rf5 29. Rg2 Ng5 30. Rh1 h3 31. Rgh2 a5 32. Kf1 Rh4 33. Kg1 Rf6 34. Nf1 Rf8
35. Ng3 Rc8 36. Rxh3 Nxh3+ 37. Kg2 Nxf2 38. Kxf2 Rxh1 39. Bg4+ Kd8 40. Bxc8
Rh2+ 41. Kg1 Rc2 42. Bxb7 Rxc3 43. Nf5 Nxf5 44. Bxd5 Rxe3 45. Bc4 Nxd4 46. Kf2
Rf3+ 47. Kg2 Rxb3 48. Bxb3 Nxb3 49. Kf2 d5 50. Ke3 g5 51. Kf2 d4 52. Kg3 Nc5
53. Kg4 Nxa4 54. Kxg5 Nc3 55. Kf4 a4 56. Ke5 d3 57. Kd4 d2 58. Kxc3 d1=B 59.
Kc4 Ke7 60. Kd4 e3 61. Kxe3 a3 62. Kd2 a2 63. Kxd1 a1=Q+ 64. Kc2 Ke6 65. Kb3
Kd5 66. Kc2 Kd4 67. Kd2 Qa2+ 68. Ke1 Ke3 69. Kf1 Qf2# {RGEchess checkmated} 0-1

[Event "ICS rated blitz match"]
[Site "204.178.125.65"]
[Date "2000.07.18"]
[Round "?"]
[White "Hossa"]
[Black "RGEchess"]
[Result "1-0"]
[WhiteElo "2481"]
[BlackElo "1950"]
[PlyCount "47"]
[EventDate "2000.??.??"]

1. e4 e5 2. Nf3 f5 3. Nxe5 Qe7 4. d4 Nf6 5. Bc4 d5 6. exd5 Nbd7 7. O-O Nxe5 8.
dxe5 Ne4 9. e6 c6 10. Bf4 cxd5 11. Bb5+ Kd8 12. Qxd5+ Nd6 13. Rd1 Bxe6 14. Qd2
Kc7 15. Qa5+ b6 16. Qc3+ Kd8 17. Bxd6 Qxd6 18. Rxd6+ Bxd6 19. Qxg7 Bxh2+ 20.
Kxh2 Rg8 21. Qf6+ Kc7 22. Qe7+ Kb8 23. Ba6 Rc8 24. Qb7# {RGEchess checkmated}
1-0

[Event "ICS rated blitz match"]
[Site "204.178.125.65"]
[Date "2000.07.18"]
[Round "?"]
[White "RGEchess"]
[Black "Hossa"]
[Result "0-1"]
[WhiteElo "1949"]
[BlackElo "2482"]
[PlyCount "78"]
[EventDate "2000.??.??"]

1. d4 Nf6 2. Nf3 e6 3. Bf4 d5 4. e3 Bd6 5. Bxd6 cxd6 6. Bb5+ Bd7 7. Bxd7+ Qxd7
8. O-O O-O 9. b4 Qc7 10. a3 Rc8 11. c3 Nbd7 12. Nfd2 e5 13. f3 Nb6 14. Qe2 Na4
15. dxe5 dxe5 16. Qd3 Nxc3 17. Nxc3 Qxc3 18. Qxc3 Rxc3 19. e4 d4 20. Rfc1 Rac8
21. Nb3 g6 22. Kf1 Rc2 23. Rxc2 Rxc2 24. Nc5 b6 25. Nd3 Nd7 26. a4 Rd2 27. Nf2
Kf8 28. a5 Ke7 29. axb6 axb6 30. Ra7 f6 31. Ke1 Rb2 32. f4 exf4 33. Ng4 Rxg2
34. Rxd7+ Kxd7 35. Nxf6+ Kc6 36. e5 Rxh2 37. e6 Kd6 38. Ng4 Rh1+ 39. Ke2 Kxe6 {
RGEchess resigns} 0-1

[Event "ICS rated blitz match"]
[Site "204.178.125.65"]
[Date "2000.07.18"]
[Round "?"]
[White "Hossa"]
[Black "RGEchess"]
[Result "1-0"]
[WhiteElo "2483"]
[BlackElo "1948"]
[PlyCount "33"]
[EventDate "2000.??.??"]

1. e4 c5 2. Nf3 Nc6 3. d4 cxd4 4. Nxd4 e6 5. Nb5 Bb4+ 6. c3 Bc5 7. Nd6+ Bxd6 8.
Qxd6 Qe7 9. Qg3 Qf6 10. Be2 Qg6 11. Qxg6 hxg6 12. Na3 a6 13. Nc4 e5 14. Be3 f6
15. Bc5 Nge7 16. Nb6 Ra7 17. O-O-O {RGEchess resigns} 1-0

[Event "ICS rated standard match"]
[Site "204.178.125.65"]
[Date "2000.07.18"]
[Round "?"]
[White "QueenMaxima"]
[Black "Hossa"]
[Result "0-1"]
[WhiteElo "2277"]
[BlackElo "2320"]
[PlyCount "106"]
[EventDate "2000.??.??"]

1. d4 Nf6 2. Bf4 g6 3. Nf3 d6 4. e3 Bg7 5. h3 c6 6. Nbd2 O-O 7. Bd3 c5 8. O-O
Nd5 9. Bg5 cxd4 10. Nxd4 h6 11. Bh4 Nd7 12. c3 Nc5 13. Bc4 Nb6 14. Bb3 Nxb3 15.
axb3 a6 16. Qf3 Nd7 17. Rfd1 Kh8 18. Nc4 Nc5 19. b4 Nd7 20. Ra5 Qe8 21. Qe4 Nf6
22. Bxf6 Bxf6 23. Nb6 Rb8 24. Nd5 Bg5 25. Nf3 Bf5 26. Qd4+ e5 27. Qd2 Bd8 28.
e4 Bxe4 29. Qxh6+ Kg8 30. Ng5 Bxg5 31. Qxg5 Bxd5 32. Raxd5 Qd8 33. Qd2 Qh4 34.
Rxd6 Qc4 35. Rd7 Rfe8 36. Qe3 Qf4 37. Qb6 e4 38. g3 Qf3 39. R1d6 Qf5 40. g4 Qg5
41. Kg2 e3 42. fxe3 Rxe3 43. Qc7 Re2+ 44. Kf1 Rbe8 45. Qc4 Re1+ 46. Kg2 R8e2+
47. Qxe2 Rxe2+ 48. Kh1 Qf4 49. Rd8+ Kh7 50. Rh8+ Kxh8 51. Rd8+ Kg7 52. Kg1 Qc1+
53. Rd1 Qxd1# 0-1

[Event "ICS rated standard match"]
[Site "204.178.125.65"]
[Date "2000.07.18"]
[Round "?"]
[White "Hossa"]
[Black "PostModernist"]
[Result "0-1"]
[WhiteElo "2334"]
[BlackElo "2387"]
[PlyCount "88"]
[EventDate "2000.??.??"]

1. e4 c5 2. Nf3 g6 3. c4 a6 4. d4 Bg7 5. dxc5 Qa5+ 6. Bd2 Qxc5 7. b4 Qb6 8. c5
Qc6 9. e5 d6 10. cxd6 exd6 11. Bc3 dxe5 12. Nxe5 Bxe5 13. Bxe5 Nf6 14. Bd6 Be6
15. Qd4 Qc1+ 16. Ke2 Qg5 17. f4 Nc6 18. Qd3 Qh5+ 19. Ke1 O-O-O 20. Nc3 Ne8 21.
Be2 Bg4 22. Ne4 Bxe2 23. Qc3 Bb5 24. Kf2 Qe2+ 25. Kg1 Qxe4 26. Bc5 Nc7 27. a4
Bxa4 28. h4 Bb5 29. Rh3 Nd5 30. Qb2 Qxf4 31. Rc1 Rhe8 32. Rf3 Qxh4 33. Bf2 Qg4
34. Rxf7 Nf4 35. Rxf4 Qxf4 36. Qc3 Rd3 37. Qa1 Rd2 38. Rf1 Rf8 39. g3 Qf3 40.
Qe1 Bxf1 41. Qxf1 Rxf2 42. Qh3+ Kb8 43. g4 Qd1+ 44. Qf1 Qxf1# {Hossa checkmated
} 0-1

[Event "ICS rated standard match"]
[Site "204.178.125.65"]
[Date "2000.07.18"]
[Round "?"]
[White "JudgeTurpin"]
[Black "Hossa"]
[Result "1/2-1/2"]
[WhiteElo "2342"]
[BlackElo "2320"]
[PlyCount "248"]
[EventDate "2000.??.??"]

1. d4 Nf6 2. c4 e6 3. Nf3 b6 4. Nc3 Bb4 5. Bg5 Bb7 6. e3 h6 7. Bh4 g5 8. Bg3
Ne4 9. Qc2 h5 10. Bd3 Nxg3 11. hxg3 g4 12. Nh4 Bxc3+ 13. Qxc3 Qf6 14. c5 bxc5
15. Qxc5 Nc6 16. O-O Rb8 17. Rfc1 Rg8 18. Qxh5 Ba8 19. b3 Bb7 20. Qc5 Rg5 21.
Qc3 Rh5 22. Kf1 a6 23. b4 Nxb4 24. Qxc7 Qd8 25. Qxd8+ Rxd8 26. Be2 Rg5 27. a3
Nc6 28. Rab1 Rb8 29. Rb6 Ra5 30. Rcb1 Nd8 31. Ke1 Rxa3 32. d5 Rc8 33. Rxb7 Nxb7
34. Rxb7 Ra1+ 35. Kd2 Ra2+ 36. Kd3 Rcc2 37. Bxg4 Rxf2 38. e4 Ra3+ 39. Kd4 Rxg3
40. Bf3 Ke7 41. e5 Ra2 42. Rb4 Rg8 43. d6+ Kf8 44. Ke3 Ra5 45. Kf4 Kg7 46. g4
Rh8 47. Ng2 f6 48. Rb7 fxe5+ 49. Kg3 Rd8 50. Ne1 Ra3 51. Kf2 Kf6 52. Ke2 Ra4
53. Ke3 e4 54. Bxe4 Ke5 55. Nd3+ Kxd6 56. g5 a5 57. Rb2 Rg8 58. g6 Ke7 59. Rb7
Ra3 60. Kf4 Rf8+ 61. Ke5 Rc8 62. g7 Rac3 63. Bh7 Rd8 64. Kd4 Rcc8 65. Ne5 Kf6
66. g8=Q Rxg8 67. Nxd7+ Kg5 68. Bxg8 Rxg8 69. Ke5 Kh4 70. Kxe6 Ra8 71. Nc5 Kg4
72. Ke5 a4 73. Rb4+ Kf3 74. Nxa4 Re8+ 75. Kd5 Rd8+ 76. Kc4 Rc8+ 77. Nc5 Ke2 78.
Rb2+ Kf3 79. Rb3+ Kf2 80. Kd4 Rd8+ 81. Ke5 Re8+ 82. Ne6 Re7 83. Rb8 Rd7 84. Nd4
Re7+ 85. Kf4 Rf7+ 86. Nf5 Ke2 87. Rd8 Rf6 88. Rd7 Rg6 89. Ng3+ Kf2 90. Ne4+ Kf1
91. Ke3 Kg2 92. Rh7 Rg8 93. Rb7 Rg6 94. Rd7 Rg8 95. Ra7 Rg6 96. Re7 Rg4 97. Re8
Rg7 98. Ra8 Rg6 99. Ra7 Rg8 100. Kf4 Rf8+ 101. Ke5 Re8+ 102. Kd5 Rd8+ 103. Nd6
Kf3 104. Rf7+ Kg3 105. Ke5 Kg4 106. Rg7+ Kh4 107. Nf5+ Kh3 108. Nd4 Re8+ 109.
Kf4 Rf8+ 110. Nf5 Kh2 111. Rh7+ Kg2 112. Rd7 Kf2 113. Rd2+ Ke1 114. Ra2 Rf6
115. Ke4 Re6+ 116. Kf3 Kd1 117. Ne3+ Kc1 118. Rc2+ Kb1 119. Rc7 Rf6+ 120. Ke4
Re6+ 121. Kd4 Rd6+ 122. Kc4 Rb6 123. Kd3 Rd6+ 124. Ke4 Re6+ 1/2-1/2

[Event "ICS rated standard match"]
[Site "204.178.125.65"]
[Date "2000.07.18"]
[Round "?"]
[White "Hossa"]
[Black "JudgeTurpin"]
[Result "1-0"]
[WhiteElo "2321"]
[BlackElo "2341"]
[PlyCount "131"]
[EventDate "2000.??.??"]

1. e4 c5 2. c3 d5 3. exd5 Qxd5 4. d4 Nf6 5. Nf3 e6 6. Bd3 Be7 7. O-O O-O 8. c4
Qd8 9. dxc5 Na6 10. Nc3 Nxc5 11. Be2 Qb6 12. Qc2 Rd8 13. Bf4 Bd6 14. Bxd6 Rxd6
15. Nb5 Rd8 16. b4 Na6 17. a3 Qc6 18. Rad1 Qe8 19. Nd6 Qe7 20. c5 Nc7 21. Ne5
Rf8 22. Rd4 Ncd5 23. Rfd1 a5 24. Bd3 h6 25. bxa5 Rxa5 26. a4 Qc7 27. Rc4 b6 28.
cxb6 Qxd6 29. Rxc8 Nxb6 30. Bh7+ Nxh7 31. Rxd6 Rxc8 32. Nc6 Kh8 33. Qd1 Rd5 34.
Rxd5 exd5 35. Ne5 Nf6 36. Nxf7+ Kg8 37. a5 Nc4 38. Qb1 Rf8 39. Nxh6+ gxh6 40.
Qg6+ Kh8 41. Qxh6+ Nh7 42. Qc6 Rf5 43. a6 Re5 44. g3 Re1+ 45. Kg2 Ra1 46. Qa8+
Kg7 47. Qxd5 Nf6 48. Qxc4 Kg6 49. Qc2+ Kh6 50. Qc6 Kg6 51. Qb7 Ng4 52. a7 Ne5
53. a8=Q Rxa8 54. Qxa8 Nf7 55. h3 Kg7 56. Qa1+ Kg6 57. g4 Nd8 58. g5 Kxg5 59.
Qa5+ Kf4 60. Qxd8 Ke5 61. f4+ Kxf4 62. Qd5 Ke3 63. h4 Ke2 64. Qd4 Ke1 65. Kf3
Kf1 66. Qd1# 1-0

[Event "ICS rated standard match"]
[Site "204.178.125.65"]
[Date "2000.07.18"]
[Round "?"]
[White "Hossa"]
[Black "Amy"]
[Result "0-1"]
[WhiteElo "2338"]
[BlackElo "2440"]
[PlyCount "102"]
[EventDate "2000.??.??"]

1. e4 c5 2. c3 Nf6 3. e5 Nd5 4. Nf3 e6 5. d4 cxd4 6. cxd4 d6 7. Be2 Nc6 8. O-O
Be7 9. Nc3 Nxc3 10. bxc3 dxe5 11. Nxe5 Nxe5 12. dxe5 Bd7 13. Bf3 Bb5 14. Bxb7
Rb8 15. Qxd8+ Bxd8 16. c4 Rxb7 17. cxb5 Rxb5 18. Be3 Bb6 19. Rfb1 Rxe5 20. Bxb6
axb6 21. Rxb6 Ke7 22. g3 Rc8 23. Rb7+ Kf6 24. Rb4 Rc2 25. Rf4+ Ke7 26. a4 g5
27. Rf3 f5 28. Kg2 Ree2 29. Rb1 Ra2 30. Rb7+ Kf6 31. Rb4 Red2 32. g4 f4 33. h4
h6 34. hxg5+ hxg5 35. Re4 Rdc2 36. Rd4 Re2 37. Rc4 e5 38. Kg1 e4 39. Rfc3 e3
40. Rc6+ Ke5 41. Rc1 Rxf2 42. Rh6 f3 43. Rh8 Rg2+ 44. Kh1 Kf4 45. Rh3 Kxg4 46.
Rh6 Kg3 47. Rh5 Rh2+ 48. Rxh2 Rxh2+ 49. Kg1 f2+ 50. Kf1 Kf3 51. Rc4 e2# {
Hossa checkmated} 0-1